| 000 | 01179cam a22003734a 4500 | ||
|---|---|---|---|
| 001 | 4314 | ||
| 003 | FISKH | ||
| 005 | 20240717143717.0 | ||
| 008 | 090831s2011 nyua c 000 1 eng | ||
| 010 | _a 2009031213 | ||
| 020 | _a9780061215322 (trade bdg.) | ||
| 020 | _a9780061215339 (lib. bdg.) | ||
| 020 | _a9780545421386 | ||
| 040 |
_aDLC _cDLC _dDLC _beng |
||
| 050 | _aPZ7.C88135 | ||
| 082 | _a813.54 | ||
| 100 | 1 | _aCronin, Doreen. | |
| 245 | 1 | 4 |
_aThe trouble with chickens / _cby Doreen Cronin ; illustrated by Kevin Cornell. |
| 250 | _aFirst Scholastic printing, January 2012 | ||
| 260 |
_aNew York : _bScholastic, _c2011. |
||
| 300 |
_a119 pages : _billustrations ; _c20 cm |
||
| 505 | _aN | ||
| 520 | _aA hard-bitten former search-and-rescue dog helps solve a complicated missing chicken case. | ||
| 521 | 8 |
_a570
_bLexile |
|
| 521 | 8 |
_aN
_bRaz-Plus |
|
| 650 | 1 |
_aDogs _vFiction. |
|
| 650 | 1 |
_aChickens _vFiction. |
|
| 650 | 1 | _aHumorous stories. | |
| 650 | 1 | _aMystery and detective stories. | |
| 700 | 1 |
_aCornell, Kevin, _eillustrated |
|
| 906 |
_a7 _bcbc _corignew _d1 _eecip _f20 _gy-gencatlg |
||
| 942 |
_2ddc _cBK _n0 |
||
| 999 |
_c4314 _d4314 |
||